The end of the affair (Record no. 112404)

MARC details
000 -LEADER
fixed length control field 01237cad a22002055a 4500
001 - CONTROL NUMBER
control field L153162
008 - FIXED-LENGTH DATA ELEMENTS--GENERAL INFORMATION
fixed length control field 110617s2011 xxk f 000 0 eng d
035 ## - SYSTEM CONTROL NUMBER
System control number (Sirsi) u153162
041 0# - LANGUAGE CODE
Language code of text/sound track or separate title eng
100 1# - MAIN ENTRY--PERSONAL NAME
Personal name Heywood, Andrew
245 04 - TITLE STATEMENT
Title The end of the affair
Remainder of title implications of declining home ownership
Medium [electronic resource]
260 ## - PUBLICATION, DISTRIBUTION, ETC.
Place of publication, distribution, etc. London
Name of publisher, distributor, etc. The Smith Institute
Date of publication, distribution, etc. 2011
505 2# - FORMATTED CONTENTS NOTE
Formatted contents note Foreword -- Executive summary -- Setting the scene -- The rise of homeownership in the 20th century -- Recent trends the 1980s and beyond -- Home ownership levels fall -- Challenges for government -- Challenges for affordable housing providers -- Conclusion
520 ## - SUMMARY, ETC.
Summary, etc. Looks at the causes and implications of recent falling home ownership levels and the corresponding growth of the private rented sector (PRS) in England. Traces the rise of home ownership in the 20th Century up to the present day.
590 ## - LOCAL NOTE (RLIN)
Local note KA NTK
651 #4 - SUBJECT ADDED ENTRY--GEOGRAPHIC NAME
Geographic name England
Chronological subdivision 886-
690 ## - LOCAL SUBJECT ADDED ENTRY--TOPICAL TERM (OCLC, RLIN)
Topical term or geographic name as entry element PROPERTY-RESIDENTIAL PROPERTY-RESIDENTIAL PROPERTY MARKET
856 40 - ELECTRONIC LOCATION AND ACCESS
Uniform Resource Identifier <a href="https://www.smith-institute.org.uk/file/The%20End%20of%20the%20Affair%20-%20implications%20of%20declining%20home%20ownership.pdf">https://www.smith-institute.org.uk/file/The%20End%20of%20the%20Affair%20-%20implications%20of%20declining%20home%20ownership.pdf</a>
Public note View the item free of charge at www.smith-institute.org.uk
942 ## - ADDED ENTRY ELEMENTS (KOHA)
Suppress in OPAC 0
Holdings
Withdrawn status Lost status Source of classification or shelving scheme Damaged status Not for loan Home library Current library Shelving location Date acquired Total Checkouts Full call number Barcode Date last seen Copy number Price effective from Koha item type
    Dewey Decimal Classification     Virtual Virtual Online 17/06/2011   ONLINE PUBLICATION 153162-2001 06/08/2019 1 06/08/2019 Book